|
|
|
|
| LEADER |
00000nab a2200000 a 4500 |
| 001 |
vtls000929608 |
| 003 |
SK-MaSNL |
| 005 |
20260304021930.0 |
| 008 |
040720e20030314xo 0 slo |
| 035 |
|
|
|a KE38485
|
| 040 |
|
|
|a KEVKJB
|b slo
|c KEVKJB
|e AACR2
|
| 041 |
0 |
|
|a slo
|
| 044 |
|
|
|a xo
|c SK
|
| 080 |
|
|
|a 792.5
|2 1981
|
| 100 |
1 |
|
|a Dlouhý, Oleg,
|d 1951-2014
|4 aut
|9 103456
|
| 245 |
1 |
0 |
|a Smetana bez romantického nánosu
|
| 518 |
|
|
|a 7.3.2003
|
| 600 |
1 |
7 |
|a Smetana, Bedřich,
|d 1824-1884
|t Predaná nevesta
|2 KEVKJB
|9 107963
|
| 610 |
2 |
7 |
|a Štátne divadlo Košice
|2 KEVKJB
|9 120184
|
| 610 |
2 |
7 |
|a Divadlo Janka Borodáča
|2 KEVKJB
|9 232364
|
| 650 |
0 |
7 |
|a divadlá
|2 KEVKJB
|9 29113
|
| 650 |
0 |
7 |
|a opery
|2 KEVKJB
|9 3214
|
| 650 |
0 |
7 |
|a premiéry
|2 KEVKJB
|9 878015
|
| 651 |
|
7 |
|a Košice (Slovensko)
|2 KEVKJB
|9 18694
|
| 651 |
|
7 |
|a KE,
|2 KEVKJB
|9 877256
|
| 655 |
|
7 |
|a periodikum
|2 snkbucl
|9 29553
|
| 700 |
1 |
|
|a Béreš, Ondrej
|4 fot
|9 380797
|
| 710 |
2 |
|
|a Štátne divadlo Košice
|4 aut
|9 120184
|
| 773 |
0 |
8 |
|t Pravda
|g Roč. 13, č.61, 14.3.2003, s. 23
|
| 852 |
|
|
|a ZVYKNI
|b KIS3GCP
|
| 999 |
|
|
|c 2608621
|d 2610551
|